Čo s privatizáciou
Z obsahu: Privatizácia, tej je škoda. Čo ostane štátu. Predaje, ktoré zablokovala vládna kríza. Zdravotníci nemajú úplné stop. Cargo investora nutne potrebuje. Enel počíta s dotiahnutím privatizácie.
Gespeichert in:
| 1. Verfasser: | |
|---|---|
| Weitere Verfasser: | |
| Format: | Buchkapitel |
| Sprache: | Slowakisch |
| Schlagworte: | |
| Tags: |
Keine Tags, Fügen Sie das erste Tag hinzu!
|
MARC
| LEADER | 00000naa$a2200000$$$4500 | ||
|---|---|---|---|
| 001 | 0038863 | ||
| 005 | 20231009082821.8 | ||
| 041 | 0 | |a slo | |
| 044 | |a SK | ||
| 245 | 1 | 0 | |a Čo s privatizáciou |c Gabriel Beer, Peter Marčan |
| 520 | |a Z obsahu: Privatizácia, tej je škoda. Čo ostane štátu. Predaje, ktoré zablokovala vládna kríza. Zdravotníci nemajú úplné stop. Cargo investora nutne potrebuje. Enel počíta s dotiahnutím privatizácie. | ||
| 610 | 2 | 0 | |a privatizácia |
| 610 | 2 | 0 | |a kríza politická |
| 610 | 2 | 0 | |a vláda |
| 610 | 2 | 0 | |a železnice |
| 610 | 2 | 0 | |a energetika |
| 610 | 2 | 0 | |a zdravotníctvo |
| 610 | 2 | 0 | |a Slovensko |
| 100 | 1 | |a Beer, Gabriel | |
| 700 | 1 | |a Marčan, Peter | |